Подробности
| 000 -МАРКЕР |
| контрольное поле |
02375nam0a2200433 4500 |
| 001 - ИДЕНТИФИКАТОР ЗАПИСИ |
| контрольное поле |
RU\NLR\BIBL_A\011842654 |
| 005 - ИДЕНТИФИКАТОР ВЕРСИИ |
| контрольное поле |
20260607071551.0 |
| 010 ## - МЕЖДУНАРОДНЫЙ СТАНДАРТНЫЙ НОМЕР КНИГИ (ISBN) |
| Номер (ISBN) |
978-5-906980-69-4 |
| Тираж |
1500 |
| 035 ## - ДРУГИЕ СИСТЕМНЫЕ НОМЕРА |
| Идентификатор записи |
(NILC)LIBNET\0000878938 |
| 035 ## - ДРУГИЕ СИСТЕМНЫЕ НОМЕРА |
| Идентификатор записи |
(NLR Aleph) 011842654 |
| 100 ## - ДАННЫЕ ОБЩЕЙ ОБРАБОТКИ |
| Данные общей обработки |
20181026d2018 |||y0rusy50 ca |
| 101 1# - ЯЗЫК РЕСУРСА |
| Язык текста, звукозаписи и т.д. |
русский |
| Язык резюме |
английский |
| 102 ## - СТРАНА ПУБЛИКАЦИИ ИЛИ ПРОИЗВОДСТВА |
| Страна публикации |
Российская Федерация |
| 105 ## - ПОЛЕ КОДИРОВАННЫХ ДАННЫХ: ТЕКСТОВЫЕ МАТЕРИАЛЫ, МОНОГРАФИЧЕСКИЕ |
| Кодированные данные о монографическом текстовом документе |
y|||z|||000zy |
| 200 1# - ЗАГЛАВИЕ И СВЕДЕНИЯ ОБ ОТВЕТСТВЕННОСТИ |
| Основное заглавие |
Интеллигенция в поисках идентичности |
| Сведения, относящиеся к заглавию |
Достоевский. Толстой |
| -- |
[монография] |
| Первые сведения об ответственности |
Светлана Климова |
| Последующие сведения об ответственности |
Нац. исслед. ун-т "Высш. шк. экономики" |
| 210 ## - ПУБЛИКАЦИЯ, РАСПРОСТРАНЕНИЕ И ДР. |
| Место издания, распространения и т.д. |
Санкт-Петербург |
| Имя издателя, распространителя и т. д. |
Алетейя |
| -- |
Историческая книга |
| Дата издания, распространения и т.д. |
2018 |
| 215 ## - ФИЗИЧЕСКАЯ ХАРАКТЕРИСТИКА |
| Специфическое обозначение материала и объем |
244, [2] с. |
| Размеры |
22 |
| 300 ## - ОБЩИЕ ПРИМЕЧАНИЯ |
| Текст примечания |
На 4-й с. обл. авт.: С. М. Климова, д-р философ. наук, проф. |
| 300 ## - ОБЩИЕ ПРИМЕЧАНИЯ |
| Текст примечания |
Рез. англ. |
| 320 ## - ПРИМЕЧАНИЯ О НАЛИЧИИ В ДОКУМЕНТЕ БИБЛИОГРАФИИ / УКАЗАТЕЛЯ |
| Текст примечания |
Библиогр.: с. 238-244 и в подстроч. примеч. |
| 333 ## - ПРИМЕЧАНИЯ ОБ ОСОБЕННОСТЯХ РАСПРОСТРАНЕНИЯ И ИСПОЛЬЗОВАНИЯ |
| Текст примечания |
16+ |
| 517 1# - ДРУГИЕ ВАРИАНТЫ ЗАГЛАВИЯ |
| Вариант заглавия |
Достоевский |
| 517 1# - ДРУГИЕ ВАРИАНТЫ ЗАГЛАВИЯ |
| Вариант заглавия |
Толстой |
| 600 #1 - ИМЯ ЛИЦА КАК ПРЕДМЕТ |
| Начальный элемент ввода |
Достоевский |
| Часть имени, кроме начального элемента ввода |
Ф.М. |
| Даты |
1821 - 1881 |
| Расширение инициалов личного имени |
Федор Михайлович |
| Тематический подзаголовок |
Философские взгляды |
| Системный номер авторитетной/нормативной записи |
996507 |
| Идентификатор авторитетной/нормативной записи |
RU\NLR\AUTH\66377227 |
| 600 #1 - ИМЯ ЛИЦА КАК ПРЕДМЕТ |
| Начальный элемент ввода |
Толстой |
| Часть имени, кроме начального элемента ввода |
Л. Н. |
| Даты |
1828 - 1910 |
| Расширение инициалов личного имени |
Лев Николаевич |
| Тематический подзаголовок |
Философские взгляды |
| Системный номер авторитетной/нормативной записи |
1536439 |
| Идентификатор авторитетной/нормативной записи |
RU\NLR\AUTH\66970813 |
| 606 1# - НАИМЕНОВАНИЕ ТЕМЫ КАК ПРЕДМЕТ |
| Наименование темы |
Интеллигенция |
| Тематический подзаголовок |
Социально-философские вопросы |
| Географический подзаголовок |
Россия |
| Системный номер авторитетной/нормативной записи |
2584543 |
| Идентификатор авторитетной/нормативной записи |
RU\NLR\AUTH\661527701 |
| 686 1# - ИНДЕКСЫ ДРУГИХ КЛАССИФИКАЦИЙ |
| Индекс |
С550.321.4 |
| 686 1# - ИНДЕКСЫ ДРУГИХ КЛАССИФИКАЦИЙ |
| Индекс |
Ю3(2)51-578.9 |
| 686 1# - ИНДЕКСЫ ДРУГИХ КЛАССИФИКАЦИЙ |
| Индекс |
Ю3(2)6-630 |
| 700 #1 - ИМЯ ЛИЦА - ПЕРВИЧНАЯ ОТВЕТСТВЕННОСТЬ |
| Начальный элемент ввода |
Климова |
| Часть имени, кроме начального элемента ввода |
С. М. |
| Расширение инициалов личного имени |
Светлана Мушаиловна |
| 702 #1 - ИМЯ ЛИЦА - ВТОРИЧНАЯ ОТВЕТСТВЕННОСТЬ |
| Код отношения |
Прочие |
| Материалы, к которым относится поле |
rus |
| Графика поля |
Кириллица |
| Начальный элемент ввода |
Достоевский |
| Часть имени, кроме начального элемента ввода |
Ф. М. |
| Даты |
1821-1881 |
| Расширение инициалов личного имени |
Федор Михайлович |
| Идентификатор авторитетной/нормативной записи |
RU\NLR\AUTH\77838 |
| Системный номер авторитетной/нормативной записи |
110876 |
| 702 #1 - ИМЯ ЛИЦА - ВТОРИЧНАЯ ОТВЕТСТВЕННОСТЬ |
| Код отношения |
Прочие |
| Графика поля |
Кириллица |
| Материалы, к которым относится поле |
rus |
| Начальный элемент ввода |
Толстой |
| Часть имени, кроме начального элемента ввода |
Л. Н. |
| Даты |
1828-1910 |
| Расширение инициалов личного имени |
Лев Николаевич |
| Системный номер авторитетной/нормативной записи |
111537 |
| Идентификатор авторитетной/нормативной записи |
RU\NLR\AUTH\771515 |
| 711 02 - НАИМЕНОВАНИЕ ОРГАНИЗАЦИИ - АЛЬТЕРНАТИВНАЯ ОТВЕТСТВЕННОСТЬ |
| Начальный элемент ввода |
"Высшая школа экономики", национальный исследовательский университет |
| Идентифицирующий признак |
Москва |
| Системный номер авторитетной/нормативной записи |
854865 |
| Идентификатор авторитетной/нормативной записи |
RU\NLR\AUTH\8810179352 |
| 801 #0 - ИСТОЧНИК ЗАПИСИ |
| Страна |
Российская Федерация |
| Организация |
ЦГПБ Санкт-Петербург |
| Дата составления |
20180418 |
| Правила каталогизации |
rcr |
| 942 ## - ДОПОЛНИТЕЛЬНЫЕ ЭЛЕМЕНТЫ ЗАПИСИ (АБИС) |
| Тип экземпляра АБИС |
Книга |
| 980 ## - КОЛЛЕКЦИЯ |
| Название коллекции |
Национальная библиография |